000 00653nam a2200217Ia 4500
005 20250508165556.0
008 008 250505s9999 xx 000 0 eng d
020 _a978-1-4833-5970-0
037 _aReference
040 _aFEDL
_beng
_cFEDL
041 _aeng
_2eng
084 _a305.409 54, NIE/RR
_qFEDL
100 _aNielsen Bo Kenneth Ed.
_9781233
245 0 _aWomen, gender and everyday social transformation in India
260 _aGurgaon, India
_bAnthem Press
_c2015
300 _a254p.
365 _aINR
_b695
700 _a Waldrop Anne Ed.
_9781234
942 _cREF
_h305.409 54, NIE/RR
999 _c1395956
_d1395956